• 首页
  • 本馆介绍
  • 公告通知
  • 最新文献
  • 馆藏检索
  • 电子资源
  • 读者导购
  • 参考咨询
  • 我的图书馆
  • 登录
  • 详细信息显示
  • 放入我的书架
  • 预约/预借图书
  • 作者相关作品
  • 分类相关作品
  • 丛书相关作品
  • 出版社相关作品

书目信息

  • 表格格式
  • 工作单格式
  • 卡片格式
题名:
文字·文学·文化
    
 
作者: 许钧 主编
分册:  
出版信息: 南京   译林出版社  2011.1
页数: 276页
开本: 24cm
丛书名:
单 册:
中图分类: I565.074 , H159
科图分类:
主题词: 长篇小说--汉语--翻译--研究--法国--近代
电子资源:
ISBN: 978-7-5447-1484-6
000 01030nam0 2200253 45
001 515
005 20120601111347.15
010    @a978-7-5447-1484-6@dCNY35.00
100    @a20120328d2011 em y0chiy50 ea
101 0  @achi
102    @aCN@b320000
105    @ay z 000yy
106    @ar
200 1  @a文字·文学·文化@AWen Zi· Wen Xue· Wen Hua@e《红与黑》汉译研究(增订本)@E《 Hong Yu Hei》 Han Yi Yan Jiu ( Zeng Ding Ben )@f许钧主编@FXu Jun Zhu Bian
210    @a南京@c译林出版社@d2011.1
215    @a276页@d24cm
330    @a20世纪90年代初期有关《红与黑》汉译的讨论是中国译坛范围很广、影响深远的一次翻译大讨论,涉及了直译与意译、形似与神似、艺术与科学、忠实与创造、借鉴与超越等文学翻译界长期以后所关注的一些基本问题等内容
517 1  @a《红与黑》汉译研究(增订本)@A《 Hong Yu Hei》 Han Yi Yan Jiu ( Zeng Ding Ben )
606 0  @a长篇小说@x汉语@x翻译@x研究@y法国@z近代
690    @aI565.074@v4
690    @aH159@v4
701  0 @a许钧@AXu Jun@4主编
801  0 @aCN@bTSTCL@c20120328
905    @b0814070-76@dI565.074@e490@f7
    
    文字·文学·文化:《红与黑》汉译研究(增订本)/许钧主编.-南京:译林出版社,2011.1
    276页;24cm
    
    
    ISBN 978-7-5447-1484-6:CNY35.00
    20世纪90年代初期有关《红与黑》汉译的讨论是中国译坛范围很广、影响深远的一次翻译大讨论,涉及了直译与意译、形似与神似、艺术与科学、忠实与创造、借鉴与超越等文学翻译界长期以后所关注的一些基本问题等内容
●
相关链接 在E读中查询图书 在五车中查询图书 在当当中查询图书 在豆瓣中查询图书


正题名:文字·文学·文化     索取号:I565.074/490         预约/预借

序号 登录号 条形码 馆藏地/架位号 状态 备注
1 0814070   208140705   第一样本阅览室/ [索取号:I565.074/490] 在馆    
2 0814071   208140714   第二借阅区/ [索取号:I565.074/490] 在馆    
3 0814072   208140723   第二借阅区/ [索取号:I565.074/490] 在馆    
4 0814073   208140732   第二借阅区/ [索取号:I565.074/490] 在馆    
5 0814074   208140741   第二借阅区/ [索取号:I565.074/490] 在馆    
6 0814075   208140750   第二借阅区/ [索取号:I565.074/490] 在馆    
7 0814076   208140769   第二借阅区/ [索取号:I565.074/490] 在馆    
唐山师范学院图书馆 欢迎您!
大连网信软件有限公司© 版权所有